[Event "Ayvalik Menekse"]
[Site "Ayvalik"]
[Date "2023.06.09"]
[Round "2.1"]
[White "Rasulov, Vugar Ural Oglu"]
[Black "Tiglon, Bryce"]
[Result "1/2-1/2"]
[WhiteElo "2523"]
[BlackElo "2494"]
[PlyCount "62"]
[EventDate "2023.06.08"]
[EventType "schev"]
[EventRounds "10"]
[EventCountry "TUR"]
[SourceTitle "CBM 214 Extra"]
[Source "ChessBase"]
[SourceDate "2023.07.31"]
[SourceVersion "1"]
[SourceVersionDate "2023.07.31"]
[SourceQuality "1"]
[WhiteTeam "Grandmaster"]
[BlackTeam "Master"]
[WhiteTeamCountry "TUR"]
[BlackTeamCountry "TUR"]

1. c4 c5 2. Nc3 g6 3. e3 Bg7 4. d4 cxd4 5. exd4 Nf6 6. d5 0-0 7. Nf3 e6 8. Be2 exd5 9. cxd5 d6 10. 0-0 Re8 11. Bb5 Bd7 12. a4 Na6 13. Be3 Nc5 14. Re1 Rc8 15. Bd4 Rxe1+ 16. Nxe1 a6 17. Bxd7 Qxd7 18. h3 h5 19. Qf3 Qd8 20. Rd1 Ne8 21. Bxg7 Kxg7 22. Nd3 Nf6 23. Qf4 Qe7 24. Nxc5 Rxc5 25. Qd4 Qe5 26. Qd3 b5 27. axb5 axb5 28. Qd4 Qxd4 29. Rxd4 b4 30. Rxb4 Nxd5 31. Nxd5 Rxd5 1/2-1/2

[Event "Dubai op-A 23rd"]
[Site "Dubai"]
[Date "2023.06.03"]
[Round "8"]
[White "Tiglon, Bryce"]
[Black "Iskandarov, Misratdin"]
[Result "1/2-1/2"]
[WhiteElo "2494"]
[BlackElo "2577"]
[PlyCount "110"]
[EventDate "2023.05.27"]
[EventType "swiss"]
[EventRounds "9"]
[EventCountry "UAE"]
[SourceTitle "CBM 214 Extra"]
[Source "ChessBase"]
[SourceDate "2023.07.31"]
[SourceVersion "1"]
[SourceVersionDate "2023.07.31"]
[SourceQuality "1"]

1. e4 e5 2. Nf3 Nc6 3. Bb5 a6 4. Ba4 Nf6 5. 0-0 Be7 6. Re1 b5 7. Bb3 0-0 8. c3 d6 9. h3 Nb8 10. d4 Nbd7 11. Nbd2 Bb7 12. Bc2 Re8 13. Nf1 Bf8 14. Ng3 g6 15. Bd2 Bg7 16. Qc1 exd4 17. cxd4 c5 18. Bh6 cxd4 19. Bxg7 Kxg7 20. Nxd4 Qb6 21. Qd2 Rac8 22. Rad1 d5 23. exd5 Bxd5 24. Bb3 Bxb3 25. Nxb3 Qc6 26. Rxe8 Rxe8 27. Nd4 Qc5 28. b3 Re5 29. Rc1 Qd5 30. Rd1 Kg8 31. Qc1 Qc5 32. Nge2 Qb6 33. Qc2 b4 34. Qc8+ Re8 35. Qc4 Ne5 36. Qc2 Rd8 37. Qc1 Qd6 38. Qc2 Qb6 39. Qc1 Rd5 40. Qe3 Nc6 41. Rd2 Nxd4 42. Rxd4 Qc7 43. Rxd5 Nxd5 44. Qd3 Qe5 45. Qxa6 Nc3 46. Ng3 Qe1+ 47. Qf1 Qd2 48. Qc4 Qc1+ 49. Kh2 Nxa2 50. Qd5 Qb2 51. Ne4 Nc1 52. Qd6 Kg7 53. Qxb4 Nxb3 54. Qb8 Qd4 55. Qxb3 Qxe4 1/2-1/2

[Event "Ayvalik Iris"]
[Site "Ayvalik"]
[Date "2023.05.09"]
[Round "4"]
[White "Atis, Hasan"]
[Black "Tiglon, Bryce"]
[Result "0-1"]
[WhiteElo "1890"]
[BlackElo "2494"]
[PlyCount "100"]
[EventDate "2023.05.07"]
[EventType "schev"]
[EventRounds "9"]
[EventCountry "TUR"]
[SourceTitle "CBM 214 Extra"]
[Source "ChessBase"]
[SourceDate "2023.07.31"]
[SourceVersion "1"]
[SourceVersionDate "2023.07.31"]
[SourceQuality "1"]
[WhiteTeam "Team B"]
[BlackTeam "Team C"]
[WhiteTeamCountry "TUR"]
[BlackTeamCountry "TUR"]

1. e4 e5 2. Nf3 Nc6 3. Bb5 a6 4. Ba4 Nf6 5. 0-0 Be7 6. Re1 b5 7. Bb3 0-0 8. c3 d5 9. exd5 Nxd5 10. Nxe5 Nxe5 11. Rxe5 c6 12. d3 Bd6 13. Re1 Qh4 14. g3 Qh3 15. Re4 Nf6 16. Rh4 Qf5 17. Nd2 Ng4 18. Ne4 Be7 19. f3 Ne5 20. Rf4 Qd7 21. Nf2 c5 22. Re4 Ng6 23. Re1 Bb7 24. Bc2 Rad8 25. a3 f5 26. b4 Bf6 27. Bd2 Ne5 28. Re3 Qc6 29. Kg2 g5 30. Rxe5 Bxe5 31. Bxg5 Rd7 32. Bd2 cxb4 33. axb4 Bxc3 34. Bb3+ Kh8 35. Rc1 Qxf3+ 36. Qxf3 Bxf3+ 37. Kxf3 Bxd2 38. Rc6 Bxb4 39. Rxa6 Bc5 40. Be6 Rd6 41. Rxd6 Bxd6 42. d4 Kg7 43. Nd3 Kf6 44. Bd7 b4 45. h3 b3 46. g4 fxg4+ 47. hxg4 Rb8 48. Nb2 Ba3 49. Nc4 b2 50. Nxa3 Rb3+ 0-1